| 000 | 00472nam a2200169Ia 4500 | ||
|---|---|---|---|
| 003 | GCL | ||
| 008 | 140319s9999 xx 000 0 ara d | ||
| 040 |
_aGCL / _cGCL |
||
| 082 | 0 | 4 |
_a239 _bم خ |
| 100 | 1 | _aمحمد ابوزهرة | |
| 245 | 1 | 0 |
_aخاتم النبيين / _cمحمد ابوزهرة |
| 300 | _a472 ص | ||
| 490 | _a | ||
| 650 | 0 | 4 | _aالسيرة النبوية |
| 650 | 0 | 4 | _aمحمد رسول الله صلى الله عليه وسلم |
| 942 |
_2ddc _cBK |
||
| 999 |
_c40923 _d40923 |
||